000
00226nam a22000857a 4500
008
160914b xxu||||| |||| 00| 0 eng d
100
_9
484
_a
Dass.H.K.etal
245
_a
Mathematics 9
260
_a
New Delhi
_b
S. Chand Publications
_c
2011
999
_c
3141
_d
3141